000 00363pab a2200145 454500
008 180718b2009 xxu||||| |||| 00| 0 eng d
100 _aFerlie, Ewan
245 _aRenewing policy to support evidence-based health care
260 _c2009
300 _ap.837-52.
650 _aHealth services
773 _aPublic Administration
908 _aN
909 _a85414
999 _c85414
_d85414